Wer hat mehr Länderspiele für die deutsche Nationalmannschaft? - Statistiken

Allgemein
  • Dieses Quiz wurde 62 mal gespielt
  • Das Durchschnittsergebnis liegt bei 8 aus 15
Antwortstatistiken
Frage Antwort % Korrekt
Mesut Özil oder Oliver Bierhoff? Mesut Özil
83%
Marc-André ter Stegen oder Andreas Köpke? Andreas Köpke
76%
Michael Ballack oder Joshua Kimmich? Joshua Kimmich
74%
Antonio Rüdiger oder Benedikt Höwedes? Antonio Rüdiger
69%
Uli Hoeneß oder Jamal Musiala? Jamal Musiala
57%
Kai Havertz oder Mehmet Scholl? Kai Havertz
55%
Andreas Möller oder Günter Netzer? Andreas Möller
53%
Fritz Walter oder Arne Friedrich? Arne Friedrich
53%
Klaus Fischer oder Leroy Sané? Leroy Sané
52%
Jonas Hector oder Mario Basler? Jonas Hector
50%
Matthias Ginter oder Nico Schlotterbeck? Matthias Ginter
48%
Gerald Asamoah oder Shkodran Mustafi? Gerald Asamoah
47%
Horst Eckel oder Timo Werner Timo Werner
43%
Bernd Schuster oder Oliver Neuville? Oliver Neuville
36%
Stefan Effenberg oder Kevin Kurányi? Kevin Kurányi
19%
Keine übereinstimmenden Quizze gefunden
Verteilung der Resultate
Anzahl Personen mit jedem Resultat
Perzentil nach korrekt beantworteten Fragen
Ihre Resultats-Entwicklung
Sie haben dieses Quiz noch nicht gespielt